000 00348nam a2200133Ia 4500
005 20260326235440.0
008 260326s9999||||xx |||||||||||||| ||und||
100 _aMiller J, Marshall
245 0 _aNew Life for Cities around the World /
_cMarshall Miller J
260 _bBooks International
300 _a233 p.
650 _aURBANISMO
942 _cBK
999 _c7374
_d7374